01018cam a22002297a 45000010009000000050017000090080041000260200015000670400023000820820018001052450276001232500010003992600026004093000016004355000122004515000067005735000028006406500010006689420006006789520089006849990015007731637463720240408084356.0100804s1978 sz i100 0 eng d a9221017516 aHBScHBSdMTGdDLC 222a331bGEN.10aGeneral survey of the reports relating to the employment (women with family responsibilities) recommendation, 1965 (no. 123) :breport of the Committee of Experts on the Application of Conventions and Recommendations (articles 19, 22 and 35 of the constitution)/volume B. a1 ST. aGeneva :bILO,c1978. aiv, 68 p. ; aAt head of title: Report III (part 4B), third item on the agenda, International Labor Conference, 64th session, 1978. aCover title: Employment of women with family responsibilities. aAppendices (p. [57]-68) 0aWomen cL 001040708LaWERCLbWERCLd2024-04-08l0o331 GEN.p675r2024-04-08w2024-04-08yL c5872d5872